BSOP header

Comfort for Christians / (Record no. 26656)

MARC details
000 -LEADER
fixed length control field 00738nam a2200205 4500
008 - FIXED-LENGTH DATA ELEMENTS--GENERAL INFORMATION
fixed length control field 060518s1989 mium a000 0 eng d
020 ## - INTERNATIONAL STANDARD BOOK NUMBER
International Standard Book Number 0801071097
090 ## - LOCALLY ASSIGNED LC-TYPE CALL NUMBER (OCLC); LOCAL CALL NUMBER (OCLC)
Classification number (OCLC) (R) ; Classification number, CALL (RLIN) (NR) BV4509.2
Local cutter number (OCLC) ; Book number/undivided call number, CALL (RLIN) P65c
100 1# - MAIN ENTRY--PERSONAL NAME
Personal name Pink, Arthur Walkington,
Dates associated with a name 1886-1952.
245 10 - TITLE STATEMENT
Title Comfort for Christians /
Statement of responsibility, etc Arthur W. Pink.
250 ## - EDITION STATEMENT
Edition statement Travel size ed.
260 ## - PUBLICATION, DISTRIBUTION, ETC. (IMPRINT)
Place of publication, distribution, etc Grand Rapids, Mich. :
Name of publisher, distributor, etc Baker Book House,
Date of publication, distribution, etc 1989.
300 ## - PHYSICAL DESCRIPTION
Extent 89 p. ;
Dimensions 20 cm.
650 #4 - SUBJECT ADDED ENTRY--TOPICAL TERM
Topical term or geographic name as entry element Bereavement
General subdivision Religious aspects
-- Christianity.
650 #4 - SUBJECT ADDED ENTRY--TOPICAL TERM
Topical term or geographic name as entry element Christian life
Chronological subdivision 20th century.
650 #4 - SUBJECT ADDED ENTRY--TOPICAL TERM
Topical term or geographic name as entry element Consolation.
650 #4 - SUBJECT ADDED ENTRY--TOPICAL TERM
Topical term or geographic name as entry element Death
General subdivision Religious aspects
-- Christianity.
650 #4 - SUBJECT ADDED ENTRY--TOPICAL TERM
Topical term or geographic name as entry element Suffering
General subdivision Religious aspects
-- Christianity.
951 ## - EQUIVALENCE OR CROSS-REFERENCE-GEOGRAPHIC NAME/AREA NAME [OBSOLETE] [CAN/MARC only]
General subdivision 00008397
951 ## - EQUIVALENCE OR CROSS-REFERENCE-GEOGRAPHIC NAME/AREA NAME [OBSOLETE] [CAN/MARC only]
-- 18330
-- BV4509.2/P65c
-- 070613111554187
-- 2000-12-21
-- GC
Holdings
Withdrawn status Lost status Damaged status Not for loan Home library Current library Shelving location Date acquired Accession number Shelving control number Total Checkouts Full call number Barcode Date last seen Price effective from Koha item type
        BSOP Library BSOP Library GC 12/21/2000 18330 127   BV4509.2/P65c 00008397 02/23/2013 02/23/2013 Books
BSOP

Biblical Seminary of the Philippines
  All rights Reserved
  © 2024

CONTACT INFORMATION

Biblical Seminary of the Philippines,
  77-B Karuhatan Road, Valenzuela City,
  PHILIPPINES 1441
  Phone: +632 8292-6795 / 8292-6798
  Fax : +632 8292-6675
  Email: library@bsop.edu.ph